Normal view MARC view
  • María y Campos, Alfonso de

Entry Nombre Personal

Number of records used in: 4

001 - NUMERO DE CONTROL

  • campo de control: 32062

003 - IDENTIFICADOR DE NUMERO DE CONTROL

  • campo de control: DLC

005 - FECHA Y HORA DE LA ÜLTIMA TRANSACCIÓN

  • campo de control: 20221123123729.0

008 - DATOS DE LONGITUD FIJA

  • campo de control de longitud fija: 221123n| acannaabn |a aaa

010 ## - NÚMERO DE CONTROL DE LA BIBLIOTECA DEL CONGRESO

  • Número de control LC: n 88231636

035 ## - NUMERO DE CONTROL

  • Número de control: (OCoLC)oca02482206

040 ## - FUENTE DE CATALOGACIÓN

  • Agencia original de catalogación: DLC
  • Lenguaje de catalogación: spa
  • Agencia de transcripción: DLC
  • Agencia que lo modifica: DLC
  • Agencia que lo modifica: OCoLC
  • Agencia que lo modifica: MX-MxUPN

100 1# - ENCABEZAMIENTO - NOMBRE PERSONAL

  • Nombre personal: María y Campos, Alfonso de

400 1# - VEÁSE - NOMBRE DE PERSONA

  • Personal name: Campos, Alfonse de María y

400 1# - VEÁSE - NOMBRE DE PERSONA

  • Personal name: De María y Campos, Alfonso

400 1# - VEÁSE - NOMBRE DE PERSONA

  • Personal name: María y Campos Castelló, Alfonso de

400 1# - VEÁSE - NOMBRE DE PERSONA

  • Personal name: Campos Castelló, Alfonso de María y

400 1# - VEÁSE - NOMBRE DE PERSONA

  • Personal name: Castelló, Alfonso de María y Campos

670 ## - FUENTE EN LA QUE SE LOCALIZARON DATOS

  • Cita de la fuente: Sosa, F. Francisco Sosa, 1987:
  • Información localizada: portada (Alfonso de María y Campos)

670 ## - FUENTE EN LA QUE SE LOCALIZARON DATOS

  • Cita de la fuente: LC data base, 03-13-89
  • Información localizada: (hdg.: María y Campos, Alfonso de)

670 ## - FUENTE EN LA QUE SE LOCALIZARON DATOS

  • Cita de la fuente: José Yves Limantour, c1998:
  • Información localizada: portada (Alfonso de María y Campos Castelló)

902 ## - CATALOGADOR

  • Catalogador: NDAF/231122